000 00674ntm a22002537a 4500
005 20250819145009.0
008 170320b2016 xxu||||| |||| 00| 0 spa d
020 _a9788416775323
041 _aESP
082 _a658.409.2 S246c
100 _aSarmiento Ladino, Carlos Eduardo
_941327
245 _aCoaching para emprendedores
260 _aEspaña
260 _bMestas
260 _c2016
300 _a158 páginas
490 _aDirección y Administración de Empresas
650 _aLIDERAZGO EJECUTIVO
650 _aADMINISTRACIÓN DE PERSONAL
650 _aEMPRENDER UN NEGOCIO
650 _aCOACHING
650 _aEMPRENDEDOR EXITOSO
942 _cLIT
_2ddc
999 _c9078
_d9078